000 00332nam a22001457a 4500
008 221207b ||||| |||| 00| 0 eng d
020 _a9781121584877
041 _aeng
080 _a330.722
082 _a330.722MAL
100 _a23.2
101 _aKONT
245 _aGLOBAL ACCOUNTING PERSPECTIVES
_cMALONE D
942 _2udc
_cBK
999 _c59121
_d59121